Normal view
MARC view
- Popat Nirali
Entry Personal Name
001 - CONTROL NUMBER
- control field: 209006
003 - CONTROL NUMBER IDENTIFIER
- control field: OSt
005 - DATE AND TIME OF LATEST TRANSACTION
- control field: 20241105200513.0
008 - FIXED-LENGTH DATA ELEMENTS
- fixed length control field: 241105|| aca||aabn | a|a d
040 ## - CATALOGING SOURCE
- Original cataloging agency: OSt
- Transcribing agency: OSt
100 ## - HEADING--PERSONAL NAME
- Personal name: Popat Nirali
670 ## - SOURCE DATA FOUND
- Source citation: Work cat.: (OSt)361681: Popat Nirali., Environmental Performance Evaluation For Textile Dyeing Industry In Solapur With A Case Of Water., 2018